Коммуникационная культура библиотек: научно-практическое пособие

Detaylı Bibliyografya
Yazar: Бородина С. Д. Светлана Дамировна
Diğer Yazarlar: Кормишина Г. М. Гузела Мэльсовна
Özet:Предлагаемое пособие представляет собой исследование коммуникационной культуры библиотек, то есть совокупности принципов деятельности, обеспечивающих успех у различных групп пользователей. Большое внимание уделяется миссии библиотеки как основе формирования ее коммуникационной культуры; раскрыты философские и культурологические подходы к определению данного понятия; охарактеризован прикладной коммуникационный инструментарий библиотеки. Большое внимание уделено поведению библиотечного коллектива, способствующему эффективному достижению профессиональных целей. Издание предназначено библиотечным руководителям; библиотековедам, информатикам и культурологам; преподавателям и студентам вузов культуры. Оно представляет интерес и для широкого круга библиотекарей.
Dil:Rusça
Baskı/Yayın Bilgisi: Москва, Либерея-Бибинформ, 2008
Seri Bilgileri:Библиотекарь и время. XXI век
Konular:
Materyal Türü: Kitap
KOHA link:https://koha.lib.tpu.ru/cgi-bin/koha/opac-detail.pl?biblionumber=143544

MARC

LEADER 00000nam0a2200000 4500
001 143544
005 20231031143246.0
010 |a 5851291753 
035 |a (RuTPU)RU\TPU\book\155557 
090 |a 143544 
100 |a 20080919d2008 km y0rusy50 ca 
101 0 |a rus 
102 |a RU 
105 |a y j 000zy 
200 1 |a Коммуникационная культура библиотек  |e научно-практическое пособие  |f С. Д. Бородина, Г. М. Кормишина 
210 |a Москва  |c Либерея-Бибинформ  |d 2008 
215 |a 128 с. 
225 1 |a Библиотекарь и время. XXI век 
330 |a Предлагаемое пособие представляет собой исследование коммуникационной культуры библиотек, то есть совокупности принципов деятельности, обеспечивающих успех у различных групп пользователей. Большое внимание уделяется миссии библиотеки как основе формирования ее коммуникационной культуры; раскрыты философские и культурологические подходы к определению данного понятия; охарактеризован прикладной коммуникационный инструментарий библиотеки. Большое внимание уделено поведению библиотечного коллектива, способствующему эффективному достижению профессиональных целей. Издание предназначено библиотечным руководителям; библиотековедам, информатикам и культурологам; преподавателям и студентам вузов культуры. Оно представляет интерес и для широкого круга библиотекарей. 
610 1 |a библиотеки 
610 1 |a библиотечное дело 
610 1 |a библиотечное обслуживание 
610 1 |a библиотечные коммуникации 
610 1 |a коммуникативная политика 
610 1 |a Миссия 
610 1 |a этика 
610 1 |a учебные пособия 
686 |a Ч735я73  |v LBC/SL-A  |2 rubbk 
700 1 |a Бородина  |b С. Д.  |g Светлана Дамировна 
701 1 |a Кормишина  |b Г. М.  |g Гузела Мэльсовна 
801 1 |a RU  |b 63413507  |c 20080919  |g PSBO 
801 2 |a RU  |b 63413507  |c 20220714  |g PSBO 
942 |c BK